000 00222nam a22000857a 4500
008 160928b xxu||||| |||| 00| 0 eng d
100 _9775
_aPal.R.etal
245 _aEnglish Reader-7
260 _aNew Delhi
_bS.C. Publications
_c2011
999 _c3431
_d3431